THE SECOND ノックアウトステージ - Statistics

General Stats
  • This quiz has been taken 20 times
    4 since last reset
  • The average score is 53 of 69
Answer Stats
コンビ名 出場年 結成年 ザセカンド最高成績 M-1グランプリ最高成績 % Correct
ザ・ぼんち 2024,2025 1972 ベスト8 なし
100%
テンダラー 2023,2024 1994 ベスト8 準決勝
100%
パタパタママ 2026 1996 ベスト16 3回戦
100%
スピードワゴン 2023 1998 ベスト8 決勝 6位
100%
ザ・パンチ 2024,2025,2026 1998 準優勝 決勝 9位
100%
マシンガンズ 2023,2024,2025,2026 1998 準優勝 準決勝
100%
流れ星☆ 2023,2024 2000 ベスト16 準決勝
100%
三拍子 2025,2026 2001 ベスト32 準決勝
100%
超新塾 2023,2024 2001 ベスト8 準決勝
100%
東京ダイナマイト (2023),2024 2001 ベスト32 決勝 6位
100%
ツーナッカン 2023,2025,2026 2002 ベスト32 3回戦
100%
三日月マンハッタン 2023,2024 2002 ベスト16 準々決勝
100%
ギャロップ 2023 2003 優勝 決勝 8位
100%
高校ズ 2026 2003 ベスト32 3回戦
100%
ジャルジャル 2023,2024,2025 2003 ベスト32 決勝 3位
100%
ハンジロウ 2024,2025,2026 2003 ベスト8 準々決勝
100%
プラス・マイナス 2023,(2024) 2003 ベスト32 準決勝
100%
ヤング 2024,2026 2003 ベスト8 準決勝
100%
囲碁将棋 2023,2024,2025,2026 2004 準優勝 準決勝
100%
ガクテンソク 2023,2024 2005 優勝 準決勝
100%
三四郎 2023 2005 ベスト4 準決勝
100%
スリムクラブ 2023 2005 ベスト32 決勝 準優勝
100%
本田兄妹 2025 2005 ベスト32 3回戦
100%
タモンズ 2023,2024,2025,2026 2006 ベスト4 準々決勝
100%
金属バット 2023,2024,2025,2026 2007 準優勝 準決勝
100%
モンスターエンジン 2023,2024,2025,2026 2007 ベスト8 決勝 7位
100%
ツートライブ 2025 2008 優勝 準々決勝
100%
ななまがり 2024,2025,2026 2008 ベスト8 準決勝
100%
母心 2024,2025 2008 ベスト16 2回戦
100%
リニア 2024,2025,2026 2008 ベスト4 準々決勝
100%
カナメストーン 2026 2010 ベスト32 決勝 7位
100%
黒帯 2026 2010 ベスト8 準決勝
100%
Dr.ハインリッヒ 2023,2026 2005 ベスト32 準々決勝
100%
ショウショウ 2024 1987 ベスト32 なし
67%
はりけ~んず 2025,2026 1990 ベスト4 なし
67%
シャンプーハット 2023,2024,2025,2026 1994 ベスト8 準決勝
67%
レイザーラモン 2025,2026 1997 ベスト16 準決勝
67%
スーパーマラドーナ 2023,2026 2003 ベスト32 決勝 3位
67%
アモーン 2025 2004 ベスト32 3回戦
67%
フルーツポンチ 2023 2005 ベスト32 3回戦
67%
かもめんたる 2023,2024 2007 ベスト16 準決勝
67%
見取り図 2025 2007 ベスト32 決勝 3位
67%
吉田たち 2025,2026 2007 ベスト8 準々決勝
67%
ランジャタイ 2023,2024 2007 ベスト16 決勝 10位
67%
祇園 2024,2025 2008 ベスト16 準決勝
67%
ダブルアート 2024 2008 ベスト16 準々決勝
67%
ヘンダーソン 2024,2025 2008 ベスト16 準決勝
67%
エル・カブキ 2025,2026 2009 ベスト32 3回戦
67%
セルライトスパ 2026 2009 ベスト16 準決勝
67%
トット 2025,2026 2009 優勝 準々決勝
67%
ドドん 2025 2009 ベスト16 準々決勝
67%
モグライダー 2025 2009 ベスト32 決勝 7位
67%
ちょんまげラーメン 2026 2010 ベスト32 決勝 3位
67%
2丁拳銃 2023 1993 ベスト32 決勝 4位
67%
タイムマシーン3号 2023,2024 2000 ベスト8 決勝 4位
67%
COWCOW 2023,2024 1993 ベスト16 準決勝
67%
LLR 2024,2026 2002 ベスト32 準々決勝
67%
天津 2025 1999 ベスト32 準決勝
33%
ロビンフット 2024 2000 ベスト16 3回戦
33%
なすなかにし 2023 2001 ベスト32 準決勝
33%
モダンタイムス 2023 2001 ベスト32 3回戦
33%
スマイル 2026 2003 ベスト32 準決勝
33%
チャーミング 2025 2004 ベスト32 準々決勝
33%
インポッシブル 2023,2024 2005 ベスト32 準々決勝
33%
タナからイケダ 2025,2026 2005 ベスト32 準々決勝
33%
ラフ次元 2023,2024,2025,2026 2006 ベスト8 準々決勝
33%
ブルーリバー 2026 2007 ベスト32 3回戦
33%
シマッシュレコード 2026 2010 ベスト32 準々決勝
33%
Hi-Hi 2023 1994 ベスト32 準決勝
0%
No matching quizzes found
Score Distribution
Percent of People with Each Score
Percentile by Number Answered
Your Score History
You have not taken this quiz since the last reset